| 000 | 00610nam a2200169 a 4500 | ||
|---|---|---|---|
| 003 | 0 | ||
| 005 | 20250523111953.0 | ||
| 008 | 050103s19uu xx 00 eng d | ||
| 050 |
_aPHS TP 248.5.F47 _b.C36 2003 |
||
| 100 | _aCanga, Rafael Lorenzo Camara. | ||
| 245 |
_aThe Advantages of manufacturing natural fibers mechanicaly / _cRafael Lorenzo Camara Canga. |
||
| 260 |
_aLas PiƱas City, Philippines : _bSouthville International School and Colleges, _c2003. |
||
| 300 |
_a20 pages ; _c28 cm. |
||
| 650 |
_aNatural fibers _xMechanical properties. |
||
| 650 |
_aNatural fibers _xManufacture. |
||
| 942 |
_2lcc _cPASS |
||
| 999 |
_c96945 _d96945 |
||